000 00290nam a22001217a 4500
008 170620b xxu||||| |||| 00| 0 eng d
041 _aeng
080 _22 ED
_a94
100 _a18
101 _aSHH
245 _aMEDIVAL CIVILIZATION THE HUMAN ADVENTURE
_cVERIFIED.L
942 _2udc
_cBK
999 _c18213
_d18213